00850nam a2200181 a 450000100100000000500170001000800410002704000250006824501680009326000730026130000350033450400270036970000300039604900090042695201050043595201110054099900170065100003100120200930062636.0110609s2007 dr ac 000 0 spa d aDO-SdBNPbspacBNPHU00aVidas vividas en riesgo :bcaraterizado el vínculo entre violencia contra la mujer y el VIH/SIDA en la República Dominicana /cinvestigadora Bethania Betances. aSanto Domingo :bFondo de Población de las Naciones Unidas,c2007. a32 p. :bil., retrs. ;c30 cm. aBibliografía : p. 321 aBetances, Bethania956642 aBNPD 0010718PDaPDbPDcCTd2011-06-09iLF1l0o p31001-10r2020-06-25w2020-06-25yLFPDZNo se presta 0010718PDaPDbPDcCTd2011-06-09iLF1l0o p31001-20r2020-06-25te. 2w2020-06-25yLFPDZNo se presta c30493d30493